<?xml version="1.0" encoding="UTF-8"?><?xml-stylesheet type="text/xsl" href="static/style.xsl"?><OAI-PMH xmlns="http://www.openarchives.org/OAI/2.0/" xmlns:xsi="http://www.w3.org/2001/XMLSchema-instance" xsi:schemaLocation="http://www.openarchives.org/OAI/2.0/ http://www.openarchives.org/OAI/2.0/OAI-PMH.xsd"><responseDate>2026-04-29T06:15:39Z</responseDate><request verb="GetRecord" identifier="oai:repisalud.isciii.es:20.500.12105/27219" metadataPrefix="marc">https://repisalud.isciii.es/rest/oai/request</request><GetRecord><record><header><identifier>oai:repisalud.isciii.es:20.500.12105/27219</identifier><datestamp>2026-02-09T13:05:54Z</datestamp><setSpec>com_20.500.12105_2203</setSpec><setSpec>com_20.500.12105_2202</setSpec><setSpec>col_20.500.12105_19505</setSpec></header><metadata><record xmlns="http://www.loc.gov/MARC21/slim" xmlns:dcterms="http://purl.org/dc/terms/" xmlns:doc="http://www.lyncode.com/xoai" xmlns:xsi="http://www.w3.org/2001/XMLSchema-instance" xsi:schemaLocation="http://www.loc.gov/MARC21/slim http://www.loc.gov/standards/marcxml/schema/MARC21slim.xsd">
   <leader>00925njm 22002777a 4500</leader>
   <datafield ind2=" " ind1=" " tag="042">
      <subfield code="a">dc</subfield>
   </datafield>
   <datafield ind2=" " ind1=" " tag="720">
      <subfield code="a">Instituto de Salud Carlos III. Centro Nacional de Epidemiología</subfield>
      <subfield code="e">author</subfield>
   </datafield>
   <datafield ind2=" " ind1=" " tag="720">
      <subfield code="a">Instituto de Salud Carlos III. Centro Nacional de Microbiología</subfield>
      <subfield code="e">author</subfield>
   </datafield>
   <datafield ind2=" " ind1=" " tag="720">
      <subfield code="a">Grupo SiVIRA de vigilancia y efectividad vacunal en España</subfield>
      <subfield code="e">author</subfield>
   </datafield>
   <datafield ind2=" " ind1=" " tag="260">
      <subfield code="c">2026-02-01</subfield>
   </datafield>
   <datafield ind2=" " ind1=" " tag="520">
      <subfield code="a">A nivel sindrómico, la tasa de IRAs a nivel nacional es de 498,8 casos/100.000 habitantes (530,1 casos/100.000 habitantes en la semana previa), habiendo superado en la 39/2025 el umbral epidémico y presentando una intensidad baja. La tasa de síndrome gripal es de 27 casos/100.000 habitantes (35,8 casos/100.000 h en la semana previa), situándose por debajo del umbral epidémico y dejando una epidemia gripal desarrollada entre las semanas 47/2025 y 03/2026 con un pico de intensidad media. La tasa de COVID-19 (síndrome) es de 1,8 casos/100.000 habitantes (2,1 casos/100.000 habitantes en la semana previa) y la de bronquitis y bronquiolitis en menores de 5 años de 383,5 casos/100.000 habitantes (411 casos/100.000 habitantes en la semana previa). El porcentaje de positividad es de 9% para gripe (18,9% en la semana previa), 0,7% para SARS-CoV-2 (0,4% en la semana previa) y 20,9% para VRS (18,9% en la semana previa). El proxy de gripe (IRAs x positividad a gripe) estima una incidencia de gripe de 44,9 casos/100.000 habitantes (100,2 casos/100.000 habitantes en la semana previa). El proxy de COVID-19 (IRAs x positividad a COVID-19) estima una incidencia de COVID-19 de 3,5 casos/100.000 habitantes (2,1 casos/100.000 habitantes en la semana previa). El proxy de VRS (IRAs x positividad a VRS) estima una incidencia de VRS de 104,2 casos/100.000 habitantes (100,2 casos/100.000 habitantes en la semana previa).</subfield>
   </datafield>
   <datafield ind1="8" ind2=" " tag="024">
      <subfield code="a">Vigilancia centinela de Infección Respiratoria Aguda en Atención Primaria (IRAs) y en Hospitales (IRAG) en España. Gripe, COVID-19 y otros virus respiratorios. Semana 05/2026 (del 26 de enero al 01 de febrero de 2026).</subfield>
   </datafield>
   <datafield ind1="8" ind2=" " tag="024">
      <subfield code="a">https://hdl.handle.net/20.500.12105/27219</subfield>
   </datafield>
   <datafield tag="653" ind2=" " ind1=" ">
      <subfield code="a">Gripe</subfield>
   </datafield>
   <datafield tag="653" ind2=" " ind1=" ">
      <subfield code="a">COVID-19</subfield>
   </datafield>
   <datafield tag="653" ind2=" " ind1=" ">
      <subfield code="a">VRS</subfield>
   </datafield>
   <datafield tag="653" ind2=" " ind1=" ">
      <subfield code="a">Virus respiratorio sincitial</subfield>
   </datafield>
   <datafield tag="653" ind2=" " ind1=" ">
      <subfield code="a">Vigilancia Epidemiológica</subfield>
   </datafield>
   <datafield ind2="0" ind1="0" tag="245">
      <subfield code="a">Vigilancia centinela de Infección Respiratoria Aguda en Atención Primaria (IRAs) y en Hospitales (IRAG) en España. Gripe, COVID-19 y otros virus respiratorios. Semana 05/2026 (del 26 de enero al 01 de febrero de 2026).</subfield>
   </datafield>
</record></metadata></record></GetRecord></OAI-PMH>